Artists / Singers by their Songs #11 - Statistics

General Stats
  • This quiz has been taken 280 times
  • The average score is 6 of 10
Answer Stats
Hint Answer % Correct
Back in Black / Highway to Hell / Thunderstruck / Hells Bells AC/DC
93%
Gangnam Style / Gentleman / Hangover / That That Psy
84%
Piano Man / Uptown Girl / We Didn't Start the Fire / She's Always a Woman Billy Joel
83%
Stitches / Treat You Better / Mercy / Señorita Shawn Mendes
78%
Don't Stop Believin' / Stone in Love / Open Arms / Who's Crying Now Journey
74%
I Like It / Finesse (Remix) / Taki Taki / Bodak Yellow Cardi B
55%
Ironic / You Oughta Know / Hand in My Pocket / Uninvited Alanis Morissette
53%
Can’t Get You Out Of My Head / I Should Be So Lucky / I Believe in You / The Loco-Motion Kylie Minogue
51%
Copacabana (At the Copa) / Could It Be Magic / Looks Like We Made It / Mandy Barry Manilow
34%
Only Time / Caribbean Blue / Orinoco Flow / March of the Celts Enya
33%
No matching quizzes found
Score Distribution
Percent of People with Each Score
Percentile by Number Answered
Your Score History
You have not taken this quiz